| 000 | 01271cam a2200229ua 4500 | ||
|---|---|---|---|
| 003 | @ | ||
| 008 | 220125b ||||| |||| 00| 0 eng d | ||
| 020 | _a9788180142048 | ||
| 082 |
_a630 _bJAG/EL |
||
| 100 |
_aJagadishwar , Sahay . _9880 |
||
| 245 | _aElements Of Agricultural Engineering [Farm Power, Farm Machinery, Farm Processing, Farm Electricity] | ||
| 250 | _a1 / 5 | ||
| 260 |
_aNew Delhi _bStandard Publishers Distributors _c2015 |
||
| 300 | _a542 | ||
| 505 | _aPART - I : FARM POWER : Farm Power and Farm Mechnisation , Renewable Energy , Internal Combustion Engine , Measurement of Engine Power ,Fuel System , Governor , Lubrication System , Ignition System , Cooling Systems , Farm Tractor . PART - II : FARM MACHINERY : Strength of Materials and Material of Construction , Mechanical Power Transmission ,Tillage Implements , Seeding and Fertilizaing Equipments , Pumps for Irrigation , Plant Protection Equipments Harvesting and Threshing Equipments PART - III : FARM PROCESSING : Processing Equipments , Grain Driers , Dairy Equipments. PART -IV : FARM ELECTRICITY : Farm Electricity. | ||
| 650 |
_afarm electricity _9706 |
||
| 650 |
_aFarm machinery _9707 |
||
| 650 |
_aFarm power _9708 |
||
| 650 |
_aFarm processing _9709 |
||
| 942 | _cBK | ||
| 999 |
_c40 _d40 |
||
| 003 | OSt | ||